[Event "ITA-ch U12 Girls"]
[Site "San Nicola Arcella"]
[Date "2004.07.05"]
[Round "2"]
[White "Fustini, Chiara"]
[Black "Puddu, Urania"]
[Result "1-0"]
[WhiteElo "1700"]
[BlackElo "1380"]
[PlyCount "109"]
[EventDate "2004.07.04"]
[EventType "swiss"]
[EventRounds "8"]
[EventCountry "ITA"]
[SourceTitle "EXT 2024"]
[Source "ChessBase"]
[SourceDate "2023.10.10"]
[SourceVersion "1"]
[SourceVersionDate "2023.10.10"]
[SourceQuality "1"]

1. e4 e5 2. d4 Nc6 3. d5 Nd4 4. c3 c5 5. cxd4 cxd4 6. Nf3 f6 7. Bc4 Bc5 8. 0-0 d6 9. b4 Bb6 10. Nbd2 Bd7 11. Ba3 Qc7 12. Rc1 Qd8 13. b5 Qe7 14. Qb3 Nh6 15. Qb4 Bc5 16. Qb2 Bb6 17. Bb4 0-0 18. Qa3 Bc7 19. Bb3 Bb8 20. b6 a6 21. Nc4 Nf7 22. Rc2 Rc8 23. Rfc1 h6 24. Na5 Rxc2 25. Rxc2 d3 26. Rc1 Bg4 27. h3 Bxf3 28. gxf3 Ng5 29. Kg2 g6 30. Nc4 Nf7 31. Bd1 f5 32. Qxd3 fxe4 33. Qxe4 Qg5+ 34. Qg4 Qxc1 35. Qxg6+ Kf8 36. Be2 a5 37. Ba3 Qe1 38. Bd3 Qc3 39. Bf1 Qd4 40. Qe6 e4 41. Qc8+ Kg7 42. Qxb7 exf3+ 43. Kxf3 Qf6+ 44. Kg2 Qg6+ 45. Kh1 Qe4+ 46. Kg1 Kh8 47. Qxa8 Ng5 48. Qxb8+ Kg7 49. Qxd6 Nf3+ 50. Kh1 Nd2+ 51. Bg2 Qe1+ 52. Kh2 Qxf2 53. Qg3+ Qxg3+ 54. Kxg3 Nxc4 55. b7 1-0